000 00436nam a2200157Ia 4500
999 _c33217
_d33217
003 OSt
005 20211101112931.0
008 190216s9999||||xx |||||||||||||| ||und||
040 _coclc
082 _a531
_bGUP/M
100 _aGupta, S L
_91031
245 0 _aMechanics And Relativity /
_cS L Gupta
260 _bPragathi Prakashan,
_c1991.
_aMeerut:
300 _a315p
942 _cBK
_2ddc
_h531
_iGUP/M
_k531
_mGUP/M